[Event "Mechanics' Winter TNM; G/2 d5"]
[Site "San Francisco"]
[Date "2019.02.12"]
[Round "6.35"]
[White "Tabatabai, Hadi"]
[Black "Frank, Robert H"]
[Result "0-1"]
[WhiteElo "1149"]
[BlackElo "1426"]
[Annotator "Winslow,Elliott"]
[PlyCount "80"]
[EventDate "2019.01.08"]
[EventType "swiss"]
[EventRounds "8"]
[EventCountry "USA"]

{[%evp 0,71,34,34,34,25,28,25,25,23,12,-17,-9,-9,26,21,10,-59,56,53,54,63,56,
56,63,33,36,57,71,-81,-114,-144,-183,-300,-368,-379,-382,-409,-467,-482,-476,
-493,-415,-361,-289,-296,-308,-764,-773,-808,-817,-817,-835,-826,-858,-876,
-884,-900,-952,-1032,-1032,-1080,-980,-1057,-1063,-1175,-1232,-1280,-1194,
-29981,-1196,-1466,-1292,-1533]} 1. e4 e5 2. Nf3 Nf6 3. Nc3 Nc6 4. Bb5 Bc5 5.
h3 O-O 6. Bxc6 dxc6 7. d3 h6 8. Nxe5 Bxf2+ 9. Kxf2 Qd4+ 10. Be3 Qxe5 11. Qf3
Re8 12. Bf4 Qd4+ 13. Ke2 Nd5 14. Nxd5 cxd5 15. c3 Qb6 16. Rab1 dxe4 17. dxe4
Bf5 18. Be3 Qa6+ 19. Kf2 Bxe4 20. Qg3 Bxb1 21. Rxb1 Qf6+ 22. Kg1 Qg6 23. Qe1
Rxe3 24. Qxe3 Qxb1+ 25. Kh2 Qxb2 26. Qf3 c6 27. a4 Qa3 28. Qd1 Qxc3 29. Qd7
Qe5+ 30. Kh1 Rb8 31. a5 Qxa5 32. Qd6 Rd8 33. Qe7 b5 34. Qc5 Qc7 35. Qh5 a5 36.
Qf3 a4 37. g3 Qd6 38. h4 Qd1+ 39. Qxd1 Rxd1+ 40. Kg2 a3 0-1

[Event "Mechanics' Winter TNM; G/2 d5"]
[Site "San Francisco"]
[Date "2019.02.12"]
[Round "6.39"]
[White "Matz, James I"]
[Black "Robertson, Wade"]
[Result "1-0"]
[WhiteElo "1601"]
[BlackElo "957"]
[PlyCount "55"]
[EventDate "2019.01.08"]
[EventType "swiss"]
[EventRounds "8"]
[EventCountry "USA"]

1. Nf3 Nf6 2. g3 Nc6 3. d4 d5 4. Bg2 e6 5. O-O Bd6 6. Nbd2 O-O 7. c4 Re8 8. Re1
b6 9. a3 a5 10. Qc2 Bb7 11. e4 dxe4 12. Nxe4 Nxe4 13. Qxe4 f5 14. Qc2 Qd7 15.
Be3 Be7 16. Rad1 Bf6 17. d5 Ne5 18. Nxe5 Bxe5 19. dxe6 Qc8 20. Bxb7 Qxb7 21.
Qxf5 Bxb2 22. Qf7+ Kh8 23. Bd4 Bxd4 24. Rxd4 Rad8 25. Rxd8 Rxd8 26. e7 Rg8 27.
Qxg8+ Kxg8 28. e8=Q# 1-0

[Event "Mechanics' Winter TNM; G/2 d5"]
[Site "San Francisco"]
[Date "2019.02.12"]
[Round "6.43"]
[White "Soffer, Josiah"]
[Black "Reed, Nicholas"]
[Result "0-1"]
[WhiteElo "799"]
[BlackElo "1271"]
[PlyCount "47"]
[EventDate "2019.01.08"]
[EventType "swiss"]
[EventRounds "8"]
[EventCountry "USA"]

1. e4 e6 2. Nf3 d5 3. exd5 exd5 4. Nc3 Nc6 5. Bb5 Nf6 6. Nd4 Bd7 7. d3 Nxd4 8.
Bxd7+ Qxd7 9. Be3 Nf5 10. Bf4 O-O-O 11. g4 Nd4 12. g5 Re8+ 13. Be3 Ng4 14. Rg1
Nxe3 15. fxe3 Rxe3+ 16. Kd2 Rh3 17. Rg4 Nf3+ 18. Ke2 Qxg4 19. Nxd5 Qe6+ 20. Kf2
Qxd5 21. c4 Qc5+ 22. Kf1 Qd4 23. Kg2 Qg4+ 24. Kf1 0-1

[Event "Mechanics' Winter TNM; G/2 d5"]
[Site "San Francisco"]
[Date "2019.02.12"]
[Round "6.45"]
[White "Tabatabai, Ashkon"]
[Black "Bayaraa, Timothy"]
[Result "0-1"]
[WhiteElo "1138"]
[BlackElo "1175"]
[PlyCount "55"]
[EventDate "2019.01.08"]
[EventType "swiss"]
[EventRounds "8"]
[EventCountry "USA"]

1. e4 e5 2. Nf3 Nc6 3. Nc3 Nf6 4. Nxe5 Nxe5 5. d4 Bd6 6. Bf4 Qe7 7. dxe5 Bxe5
8. Bg5 h6 9. Bh4 g5 10. Bg3 Bxc3+ 11. bxc3 d6 12. Qd4 Bd7 13. e5 b6 14. Be2 Nh7
15. e6 Qxe6 16. Qxh8+ Ke7 17. Qxa8 Bb5 18. Qf3 f5 19. O-O Bc4 20. Bxc4 Qxc4 21.
Qxf5 Nf6 22. Rfe1+ Kf7 23. Re3 Kg7 24. Re7+ Kf8 25. Rae1 Kg8 26. Qg6+ Kf8 27.
Re8+ Nxe8 28. Rxe8# 0-1

[Event "Mechanics' Winter TNM; G/2 d5"]
[Site "San Francisco"]
[Date "2019.02.12"]
[Round "6.46"]
[White "Yamamoto, Craig"]
[Black "Abdi, Mehron Edwar"]
[Result "1-0"]
[WhiteElo "1500"]
[BlackElo "1069"]
[Annotator "Winslow,Elliott"]
[PlyCount "91"]
[EventDate "2019.01.08"]
[EventType "swiss"]
[EventRounds "8"]
[EventCountry "USA"]

1. e4 e5 2. d4 Nc6 3. d5 Na5 4. a3 b6 5. b4 Nb7 6. Bb2 Qg5 7. Qd2 Qg6 8. Bxe5
Qxe4+ 9. Qe2 Qxd5 10. Bxc7+ Be7 11. Be5 f6 12. Bb2 Nh6 13. Nd2 Nd6 14. Ngf3 a5
15. h3 Ba6 16. Qe3 Bxf1 17. Rxf1 Rb8 18. Qd4 Qe6+ 19. Kd1 O-O 20. Re1 Qf7 21.
Ke2 Qg6 22. Kf1 Rfe8 23. Rxe7 Rxe7 24. Qxd6 Rbe8 25. Qxb6 Qxc2 26. Qd4 Nf5 27.
Qc4+ Qxc4+ 28. Nxc4 axb4 29. axb4 d5 30. Nb6 Rd8 31. Rd1 d4 32. g4 Ne3+ 33.
fxe3 dxe3 34. Rxd8+ Kf7 35. Rd7 h5 36. Rxe7+ Kxe7 37. Nd5+ Ke6 38. Nf4+ Kd6 39.
Nxh5 Kd5 40. Nd4 Ke4 41. Ke2 Ke5 42. Nxg7 Ke4 43. Nge6 Ke5 44. Kxe3 Kd5 45. h4
f5 46. gxf5 {Flag} 1-0

[Event "Mechanics' Winter TNM; G/2 d5"]
[Site "San Francisco"]
[Date "2019.02.12"]
[Round "6.49"]
[White "Dunlap, Steven"]
[Black "Bryan, Robert R"]
[Result "1-0"]
[WhiteElo "1057"]
[BlackElo "429"]
[PlyCount "31"]
[EventDate "2019.01.08"]
[EventType "swiss"]
[EventRounds "8"]
[EventCountry "USA"]

1. d4 c6 2. c4 d5 3. Nf3 b5 4. cxb5 cxb5 5. Nc3 e6 6. e4 Nf6 7. Bg5 Be7 8. e5
O-O 9. exf6 gxf6 10. Bh6 Re8 11. Bxb5 Bd7 12. Bxd7 Qxd7 13. Nh4 Nc6 14. Qf3
Nxd4 15. Qg3+ Kh8 16. Qg7# 1-0